Key tax issues at year end for real estate investors 2015-2016 (Record no. 115674)

MARC details
000 -LEADER
fixed length control field 00992cam a22002055a 4500
001 - CONTROL NUMBER
control field L159099
008 - FIXED-LENGTH DATA ELEMENTS--GENERAL INFORMATION
fixed length control field 160127s2015 xxk f 000 0 eng d
035 ## - SYSTEM CONTROL NUMBER
System control number (Sirsi) u159099
041 0# - LANGUAGE CODE
Language code of text/sound track or separate title eng
100 1# - MAIN ENTRY--PERSONAL NAME
Personal name Stoschek, Uwe
245 00 - TITLE STATEMENT
Title Key tax issues at year end for real estate investors 2015-2016
Medium [electronic resource]
260 ## - PUBLICATION, DISTRIBUTION, ETC.
Place of publication, distribution, etc. Berlin
Name of publisher, distributor, etc. Pwc
Date of publication, distribution, etc. 2015
520 ## - SUMMARY, ETC.
Summary, etc. Provides investors and fund managers with an overview of year end-to dos and important tax issues in real estate transactions in 34 tax systems worldwide. Primarily European based but includes Saudia Arabia, Australia Japan, India, Singapore, South Korea and Canada.
590 ## - LOCAL NOTE (RLIN)
Local note KA
651 #4 - SUBJECT ADDED ENTRY--GEOGRAPHIC NAME
Geographic name International
690 ## - LOCAL SUBJECT ADDED ENTRY--TOPICAL TERM (OCLC, RLIN)
Topical term or geographic name as entry element Finance and taxation
700 1# - ADDED ENTRY--PERSONAL NAME
Personal name Mueller, Michael
856 40 - ELECTRONIC LOCATION AND ACCESS
Uniform Resource Identifier <a href="https://www.pwc.com/gx/en/industries/financial-services/asset-management/publications/assets/pwc-key-tax-issues-real-estate-investors-2015-2016.pdf">https://www.pwc.com/gx/en/industries/financial-services/asset-management/publications/assets/pwc-key-tax-issues-real-estate-investors-2015-2016.pdf</a>
Public note View the item free of charge from the www.pwc.com website.
942 ## - ADDED ENTRY ELEMENTS (KOHA)
Suppress in OPAC 0
Holdings
Withdrawn status Lost status Source of classification or shelving scheme Damaged status Not for loan Home library Current library Shelving location Date acquired Total Checkouts Full call number Barcode Date last seen Copy number Price effective from Koha item type
    Dewey Decimal Classification     Virtual Virtual Online 27/01/2016   ONLINE PUBLICATION 159099-2001 06/08/2019 1 06/08/2019 Book